000 00890nam a2200193 i 4500
001 189628
003 ES-MaACL
005 20230906223522.0
008 190705s1965 sp |||| | spa d
100 0 _aBarauna, Guilherme.
_925353
245 1 3 _aLa sagrada litugia renovada por el Concilio /
_cobra en colaboración dirigida por Guilherme Barauna ; estudios y comentarios sobre la Constitución litúrgica del Concilio Ecuménico Vaticano II con el texto latino y español de la Constitución y otros documentos ; versión... de los Religiosos Dominicos de la Facultad Teologica de San Esteban de Salamanca.
260 _aMadrid :
_bStudium,
_c1965.
300 _a903 p. ;
_c22 cm.
490 1 _aColección "Liturgia" Serie A ;
_v1
650 0 4 _aLiturgia.
_914683
830 0 _aColección "Liturgia" Serie A ;
_v1
_9225842
852 _aES-MaACL
_jP-623-Ter-1
999 _c189628
_d189628